000 00388nam a22001577a 4500
003 OSt
008 240507b |||||||| |||| 00| 0 eng d
020 _a9789355738813
082 _a658.11 ALL
100 _aALLEN, Kathleen.R
245 _aLaunching New Ventures: an Entrepreneurial approach
250 _a8th
260 _aDelhi
_bCengage
_c2023
300 _axix,380
942 _2ddc
_cBK
999 _c12646
_d12646